000 00591nam a22001937a 4500
005 20151105120731.0
010 _aPUN-7776
020 _a9789350681312
_c170.00
035 _aPN-6894
037 _aunistar books
082 _2854
100 _aਬਾਜਵਾ,ਦਿਲਬਾਗ ਸਿੰਘ
245 _aਜੰਗਨਾਮਾ ਸਾ਼ਹ ਮੁਹੰਮਦ
246 _aJanganama Shah mohammad
_bby Dilbagh Singh Bajwa
250 _a2012
260 _aChandigarh
_bUnistar Books
300 _aPg.136
_b22ਸਜਿਲਦ
942 _2ddc
_cPN
_h851
_kਬਾਜਵਾ
999 _c98093
_d98093